000 00533nam a2200193Ia 4500
003 GCL
008 140319s9999 xx 000 0 eng d
040 _aGCL /
_cGCL
082 0 4 _a303.48262
_bMC
100 1 _aMITCHELL,TIMOTHY
245 1 0 _aCOLOMISING EGYPT /
_cMITCHELL,TIMOTHY
700 1 _aMITCHELL, TOMOTHY
260 _a[S.N] :
_bCAMLRIDGE UNIVERSITY PRESS ،
_c1988
300 _a218 P
650 0 4 _aEGYPT, RELATIONS, EUROPE
650 0 4 _aEUROPE - RELATIONS - EGYPT
650 0 4 _aEGYPT - CIVILIZATION
942 _2ddc
_cBK
999 _c20685
_d20685